书目信息 |
| 题名: |
中国哲学史大纲
|
|
| 作者: | 胡适 | |
| 分册: | ||
| 出版信息: | 北京 团结 2006 |
|
| 页数: | 348页 | |
| 开本: | 26cm | |
| 丛书名: | ||
| 单 册: | ||
| 中图分类: | B3 | |
| 科图分类: | ||
| 主题词: | 哲学--亚洲 | |
| 电子资源: | ||
| ISBN: | 7-80130-907-3 | |
| 000 | 00474nam0 2200181 450 | |
| 001 | 0753865015 | |
| 005 | 20070818145745.01 | |
| 010 | @a7-80130-907-3@d¥48.00 | |
| 100 | @a20070818d km y0chiy0120 ea | |
| 101 | 0 | @achi |
| 200 | 1 | @a中国哲学史大纲@Azhong guo zhe xue shi da gang@f胡适@Fhu shi |
| 210 | @a北京@c团结@d2006 | |
| 215 | @a348页@d26cm | |
| 606 | 0 | @a哲学@x亚洲 |
| 690 | @aB3@v3 | |
| 701 | 0 | @a胡适@Ahu shi |
| 801 | 0 | @aCN@bPFT@c20070818 |
| 905 | @a213230@dB3@ee6@f1 | |
| 中国哲学史大纲/胡适.-北京:团结,2006 |
| 348页;26cm |
| ISBN 7-80130-907-3:¥48.00 |
| ● |
| 相关链接 |
|
|
|
|
正题名:中国哲学史大纲
索取号:B3/e6
 
预约/预借
| 序号 | 登录号 | 条形码 | 馆藏地/架位号 | 状态 | 备注 |
| 1 | 6300007 | 263000077 | 教育系资料室/ [索取号:B3/e6] | 在馆 | |
| 2 | 6300008 | 263000086 | 教育系资料室/ [索取号:B3/e6] | 在馆 |